000 00661nam a2200217 a 4500
001 50020
003 BD-RjUL
005 20211209075438.0
008 160823s1947 ne a b 001 0 eng
035 _a(BD-RjUL) 50140
040 _aDLC
_cFHM
_dEQO
_dBD-RjUL
_beng
041 _aeng
082 _223
_a420.7093
_bGOT 1947
100 1 _aGordon, Ian A.
_9149562
245 1 4 _aThe teaching of English :
_ba study in secondary education /
_cby Ian A. Gordon
260 _aNew Zealand :
_bOxford university press,
_c1947
300 _a[6], 135 p. ;
_c18 cm.
500 _aInclude index
650 0 _aEnglish language
_xStudy and teaching.
_9149563
942 _2ddc
_cBK
999 _c50020
_d50020